Pridaná hodnota závodnou metódou za 1. štvrťrok 1997

Salvato in:
Dettagli Bibliografici
Natura: Libro
Lingua:slovacco
Pubblicazione: Bratislava Štatistický úrad Slovenskej republiky 1997
Edizione:1. vyd.
Serie:Národné účty
Tags: Aggiungi Tag
Nessun Tag, puoi essere il primo ad aggiungerne!!

MARC

LEADER 00000nam a2200000 4500
001 c020035
005 20251208102342.7
041 0 |a slo 
044 |a SK 
245 1 0 |a Pridaná hodnota závodnou metódou za 1. štvrťrok 1997 
250 |a 1. vyd. 
264 1 |a Bratislava  |b Štatistický úrad Slovenskej republiky  |c 1997 
300 |a 13 s. 
490 1 |a Národné účty 
830 0 |a Národné účty